| 000 | 00608nam a22001577a 4500 | ||
|---|---|---|---|
| 999 |
_c14949 _d14949 |
||
| 008 | 200203b ||||| |||| 00| 0 eng d | ||
| 020 | _a978-621-427-007-1 | ||
| 082 |
_22018 _aDFil 657 _bT481 |
||
| 100 |
_aTimbang, Ferdinand L. _941493 |
||
| 245 |
_aComputer dot com practice set in accounting : _bBook 4 forms of computer dot com _cFerdinand L. Timbang |
||
| 260 |
_aManila: _bUnlimited Books Library Services & Publishing Inc., _c©2018. |
||
| 300 |
_aiv, 237 pages: _billustration; _c28 cm. |
||
| 650 |
_aAccounting. _941499 |
||
| 651 |
_aAccounting -- Problems, exercises, etc. _941497 |
||
| 942 |
_2ddc _cDFIL |
||